Zubía / (Record no. 129816)

MARC details
000 -LEADER
campo de control de longitud fija 00564nam a2200181 i 4500
001 - NÚMERO DE CONTROL
campo de control 129816
003 - IDENTIFICADOR DE NÚMERO DE CONTROL
campo de control ES-MaACL
005 - FECHA Y HORA DE LA ÚLTIMA TRANSACCIÓN
campo de control 20230906193602.0
007 - CAMPO FIJO DE DESCRIPCIÓN FÍSICA--INFORMACIÓN GENERAL
campo de control de longitud fija t|
008 - DATOS DE LONGITUD FIJA--INFORMACIÓN GENERAL
campo de control de longitud fija 070706s1972 sp ||||1| spa d
245 00 - MENCIÓN DEL TÍTULO
Título Zubía /
Mención de responsabilidad, etc. Carlos Rivera Muñoz, Diego Pelèz López, José Ramírez Muñoz.
260 ## - PUBLICACIÓN, DISTRIBUCIÓN, ETC.
Lugar de publicación, distribución, etc. Sevilla :
Nombre del editor, distribuidor, etc. Ed. Católica Española,
Fecha de publicación, distribución, etc. 1972.
300 ## - DESCRIPCIÓN FÍSICA
Extensión 56 p. ;
Dimensiones 21 cm.
700 1# - ENTRADA AGREGADA--NOMBRE PERSONAL
Nombre de persona Rivera Ortiz, Carlos.
9 (RLIN) 97662
700 1# - ENTRADA AGREGADA--NOMBRE PERSONAL
Nombre de persona Peláez López, Diego.
9 (RLIN) 130959
700 1# - ENTRADA AGREGADA--NOMBRE PERSONAL
Nombre de persona Ramírez Muñoz, José.
9 (RLIN) 95162
852 ## - LOCALIZACIÓN
Ubicación ES-MaACL
Número de control de estantería C-48939
Sublocalización o colección R.84708
Holdings
Estatus retirado Estado de pérdida Estado de daño No para préstamo Biblioteca de origen Biblioteca actual Ubicación en estantería Fecha de adquisición Fuente de adquisición Total de préstamos Signatura topográfica completa Código de barras Visto por última vez Precio de reemplazo Tipo de ítem Koha
        Biblioteca del Ateneo de Madrid Biblioteca del Ateneo de Madrid Depósito 2 17/01/2008     C-48939 1135174 23/02/2023 23/02/2023 Libro impreso